000
00243nam a2200097Ia 4500
008
190216s9999||||xx |||||||||||||| ||und||
100
_a
Ramachandra Mahendra
245
0
_a
Hindi-Seth Govind Das
260
_b
Mac Millian And Com. Ltd
942
_c
BK
999
_c
18348
_d
18348